[Event "SBDU BEM 09/10"]
[Site "Wohndorf Laar"]
[Date "2009.10.09"]
[Round "3.7"]
[White "Duda, Karl-Heinz"]
[Black "Plückelmann, Thomas"]
[Result "1/2-1/2"]
[WhiteElo "1548"]
[BlackElo "1699"]
[PlyCount "119"]
[EventDate "2009.??.??"]
[WhiteTeam "SG Meiderich/Ruhrort"]
[BlackTeam "SG Duisburg-Nord"]

1. c4 e5 2. Nc3 Nf6 3. g3 c6 4. Bg2 Qb6 5. a3 d6 6. b4 Qd4 7. Qb3 Be6 8. d3 Ng4
9. e3 Qxd3 10. Bf1 Qg6 11. f3 Nh6 12. Bd2 f5 13. O-O-O Nd7 14. Bd3 Qf7 15. Nh3
Be7 16. Nf2 Nb6 17. e4 Ng8 18. exf5 Bxc4 19. Bxc4 Qxc4 20. Qxc4 Nxc4 21. a4 a6
22. a5 Nf6 23. Kc2 d5 24. Na2 Kf7 25. Bg5 h6 26. Bxf6 Bxf6 27. Rhe1 Rhe8 28.
Kb3 Rad8 29. Nd3 Nd6 30. Nc5 Re7 31. Nc3 Nxf5 32. f4 Nd6 33. fxe5 Rxe5 34. Rf1
Re3 35. Rd3 Rde8 36. Rf3 Rxd3 37. Rxd3 Bxc3 38. Rxc3 Re7 39. Rf3+ Ke8 40. Kc3
Ne4+ 41. Kd4 Ng5 42. Rf4 Ne6+ 43. Nxe6 Rxe6 44. Kc5 Kd7 45. Kb6 Rf6 46. Rg4 g6
47. Kxb7 Rd6 48. Kxa6 d4 49. Rf4 d3 50. Rf7+ Kc8 51. Rf1 d2 52. Rd1 Kc7 53. b5
cxb5+ 54. Kxb5 h5 55. Kc4 Ra6 56. Rxd2 Rxa5 57. Kd4 Kd6 58. Ke4+ Ke6 59. Kf3
Kf5 60. Rb2 1/2-1/2

[Event "SBDU BEM 09/10"]
[Site "Wohndorf Laar"]
[Date "2009.10.02"]
[Round "3.8"]
[White "Waschkewitz, Stefan"]
[Black "Scharrenbroich, Torsten"]
[Result "1-0"]
[WhiteElo "1688"]
[BlackElo "1447"]
[PlyCount "51"]
[EventDate "2009.??.??"]
[WhiteTeam "SG Duisburg-Nord"]
[BlackTeam "SG Meiderich/Ruhrort"]

1. Nc3 e5 2. Nf3 Nc6 3. d4 exd4 4. Nxd4 Nxd4 5. Qxd4 Nf6 6. e4 d6 7. Bg5 Be7 8.
O-O-O O-O 9. h4 h6 10. Bf4 Nh5 11. Be3 Bf6 12. Qd2 Bxc3 13. Qxc3 Re8 14. e5 Qe7
15. exd6 cxd6 16. Be2 Nf6 17. Qd4 Bf5 18. g4 Bh7 19. g5 Ne4 20. gxh6 gxh6 21.
Bxh6 f6 22. Rhg1+ Kh8 23. Bg7+ Qxg7 24. Rxg7 Kxg7 25. Rg1+ Kh8 26. f3 1-0

[Event "SBDU BEM 09/10"]
[Site "Wohndorf Laar"]
[Date "2009.10.09"]
[Round "3.9"]
[White "Stermann, Sebastian"]
[Black "Hamm, Siegfried"]
[Result "0-1"]
[WhiteElo "1436"]
[BlackElo "1658"]
[PlyCount "24"]
[EventDate "2009.??.??"]
[WhiteTeam "SG Duisburg-Nord"]
[BlackTeam "OSC Rheinhausen"]

1. Nc3 d5 2. e4 dxe4 3. Bc4 Nf6 4. d3 exd3 5. cxd3 e6 6. Qb3 Be7 7. Nf3 O-O 8.
d4 Nc6 9. Be3 Na5 10. Qb5 Nxc4 11. Qxc4 c6 12. O-O Nd5 0-1

[Event "SBDU BEM 09/10"]
[Site "Wohndorf Laar"]
[Date "2009.10.09"]
[Round "3.10"]
[White "Bajonczak, Helmut"]
[Black "Hampel, Ernst"]
[Result "0-1"]
[WhiteElo "1223"]
[BlackElo "1597"]
[PlyCount "98"]
[EventDate "2009.??.??"]
[WhiteTeam "OSC Rheinhausen"]
[BlackTeam "SG Duisburg-Nord"]

1. c4 c5 2. Nc3 Nc6 3. Nf3 Nf6 4. g3 d6 5. Bg2 Bg4 6. e3 e6 7. Qc2 Bxf3 8. Bxf3
Be7 9. O-O Rb8 10. b3 Nb4 11. Qb1 O-O 12. a3 Nc6 13. Bb2 a6 14. Qc2 Ne5 15. Be2
Qb6 16. Rab1 Qc6 17. e4 Qc7 18. Rbd1 Nc6 19. Nb1 Nd7 20. d4 cxd4 21. Bxd4 Bf6
22. Be3 Rfd8 23. b4 Rbc8 24. Qb3 Nce5 25. Rc1 Qb8 26. Nd2 b6 27. Rfd1 Qb7 28.
Qb1 Rc6 29. Rc2 Rdc8 30. Rdc1 b5 31. cxb5 axb5 32. Rxc6 Rxc6 33. Rxc6 Nxc6 34.
f3 Bd4 35. Bxd4 Nxd4 36. Bd1 Qa7 37. Kg2 Qxa3 38. Nf1 Ne5 39. f4 Nc4 40. e5
dxe5 41. Qe4 f5 42. Qb7 exf4 43. Qc8+ Kf7 44. Bh5+ Kf6 45. Qf8+ Ke5 46. Qxg7+
Kd5 47. Qd7+ Nd6 48. Bf3+ Qxf3+ 49. Kh3 Qxf1+ 0-1

[Event "SBDU BEM 09/10"]
[Site "Wohndorf Laar"]
[Date "2009.10.09"]
[Round "3.11"]
[White "Straub, Peter"]
[Black "Hufnagel, Markus"]
[Result "0-1"]
[WhiteElo "983"]
[BlackElo "1458"]
[PlyCount "50"]
[EventDate "2009.??.??"]
[WhiteTeam "SG Meiderich/Ruhrort"]
[BlackTeam "SG Duisburg-Nord"]

1. d4 e5 2. c3 Nf6 3. Nd2 Nc6 4. e4 exd4 5. cxd4 Nxd4 6. Qa4 Nc6 7. Ngf3 Bc5 8.
Bd3 O-O 9. O-O d6 10. a3 Bd7 11. Qd1 Ne5 12. Nxe5 dxe5 13. b4 Bd4 14. Rb1 Rc8
15. Nb3 Ba4 16. Qc2 c5 17. Qa2 c4 18. Nc5 Bxc5 19. Bxc4 Bd4 20. Bd5 Rc2 21. Bb2
Ng4 22. g3 Nxf2 23. Bxf7+ Rxf7 24. Qe6 Ng4+ 25. Kh1 Rxh2# 0-1

[Event "SBDU BEM 09/10"]
[Site "Wohndorf Laar"]
[Date "2009.10.23"]
[Round "4.1"]
[White "Leers-Fischer, Hans"]
[Black "Heinert, Eugen"]
[Result "1/2-1/2"]
[WhiteElo "1941"]
[BlackElo "2006"]
[PlyCount "39"]
[EventDate "2009.??.??"]
[WhiteTeam "SG Meiderich/Ruhrort"]
[BlackTeam "OSC Rheinhausen"]

1. e4 e6 2. d4 d5 3. Nc3 dxe4 4. Nxe4 Nd7 5. Nf3 Ngf6 6. Bd3 Nxe4 7. Bxe4 Nf6
8. Bd3 c5 9. O-O cxd4 10. Nxd4 Bc5 11. Be3 Nd5 12. Nf5 Nxe3 13. Nxe3 g6 14. Ng4
O-O 15. Qf3 h5 16. Ne5 Bd4 17. Qe4 f5 18. Qe2 Qf6 19. Nc4 b5 20. Nd6 1/2-1/2

[Event "SBDU BEM 09/10"]
[Site "Wohndorf Laar"]
[Date "2009.10.23"]
[Round "4.2"]
[White "Meinert, Thomas"]
[Black "Kleff, Andre"]
[Result "0-1"]
[WhiteElo "1816"]
[BlackElo "2094"]
[PlyCount "66"]
[EventDate "2009.??.??"]
[WhiteTeam "SG Meiderich/Ruhrort"]
[BlackTeam "PSV Duisburg"]

1. Nf3 d5 2. g3 c6 3. d4 Bg4 4. Bg2 Nd7 5. O-O e6 6. c4 Bd6 7. Nc3 f5 8. Ng5
Qe7 9. Nxe6 Qxe6 10. cxd5 cxd5 11. Bxd5 Qe7 12. Bxb7 Rb8 13. Bd5 Ngf6 14. Bg5
h6 15. Bxf6 Nxf6 16. Bc6+ Kf8 17. Qd2 g5 18. e4 Nxe4 19. Bxe4 fxe4 20. Nxe4
Qxe4 21. f3 Qd5 22. fxg4+ Kg7 23. Rf5 Qe4 24. Qf2 Rhf8 25. Re1 Qxg4 26. Rf1
Rxf5 27. Qxf5 Qxf5 28. Rxf5 Rxb2 29. Ra5 Rb7 30. Kf2 Re7 31. h3 Bb4 32. Ra6 Bc3
33. h4 Bxd4+ 0-1

[Event "SBDU BEM 09/10"]
[Site "Wohndorf Laar"]
[Date "2009.10.23"]
[Round "4.3"]
[White "Visser, Dirk"]
[Black "Hoppe, Norbert"]
[Result "1-0"]
[WhiteElo "2006"]
[BlackElo "1585"]
[PlyCount "79"]
[EventDate "2009.??.??"]
[WhiteTeam "SG Meiderich/Ruhrort"]
[BlackTeam "SG Meiderich/Ruhrort"]

1. c4 Nf6 2. Nf3 g6 3. Nc3 Bg7 4. g3 O-O 5. Bg2 d6 6. O-O e5 7. d4 Nc6 8. d5
Ne7 9. e4 c6 10. Ne1 cxd5 11. cxd5 a6 12. a4 Bd7 13. Qb3 Rb8 14. Qa3 Ne8 15. a5
f5 16. Be3 Nc6 17. Nd3 Nf6 18. exf5 Bxf5 19. Nb4 Ng4 20. Bd2 Ne7 21. h3 Nf6 22.
Be3 Bc8 23. Qb3 Ra8 24. Na4 Nd7 25. g4 Kh8 26. Rfc1 Ng8 27. Qc4 Bh6 28. Bxh6
Nxh6 29. Qc7 Qf6 30. Rf1 Rf7 31. Qc2 Rb8 32. Nd3 Qd8 33. Qd2 Ng8 34. f4 b5 35.
Nc3 Bb7 36. Ne4 Qe7 37. Ng5 Rf6 38. fxe5 Nxe5 39. Nxe5 Qxe5 40. Nf7+ 1-0

[Event "SBDU BEM 09/10"]
[Site "Wohndorf Laar"]
[Date "2009.10.23"]
[Round "4.4"]
[White "Junker, Bernd"]
[Black "Waschkewitz, Stefan"]
[Result "1/2-1/2"]
[WhiteElo "1643"]
[BlackElo "1688"]
[PlyCount "20"]
[EventDate "2009.??.??"]
[WhiteTeam "SG Meiderich/Ruhrort"]
[BlackTeam "SG Duisburg-Nord"]

1. d4 Nf6 2. Nf3 g6 3. Bf4 Bg7 4. h3 O-O 5. e3 b6 6. Be2 Bb7 7. O-O c5 8. c3 d6
9. Nbd2 Nc6 10. Qa4 h6 1/2-1/2

[Event "SBDU BEM 09/10"]
[Site "Wohndorf Laar"]
[Date "2009.10.24"]
[Round "4.6"]
[White "Zielinski, Werner"]
[Black "Sauer, Andreas"]
[Result "1/2-1/2"]
[WhiteElo "1922"]
[BlackElo "1886"]
[PlyCount "118"]
[EventDate "2009.??.??"]
[WhiteTeam "SG Meiderich/Ruhrort"]
[BlackTeam "SG Meiderich/Ruhrort"]

1. Nf3 Nf6 2. d4 d5 3. Bf4 c6 4. e3 Qb6 5. Qc1 Bf5 6. Nbd2 Na6 7. Nh4 Bd7 8.
Be2 h6 9. Be5 Ng4 10. Bg3 g5 11. Nhf3 Bg7 12. c3 Nf6 13. Qc2 Ne4 14. Nxe4 dxe4
15. Ne5 Bf5 16. f3 Bxe5 17. Bxe5 f6 18. fxe4 Bg6 19. Bg3 h5 20. Bd3 h4 21. Bf2
O-O-O 22. O-O-O Kb8 23. Qb3 Qxb3 24. axb3 Nc7 25. h3 Ne6 26. b4 Nc7 27. Rhf1
Ne8 28. Bg1 Nd6 29. Bh2 Kc8 30. e5 Bxd3 31. Rxd3 Ne4 32. exf6 exf6 33. c4 Rhe8
34. Rf5 Re6 35. Kc2 Rde8 36. b5 cxb5 37. Rxb5 Ra6 38. Ra3 Rxa3 39. bxa3 Re6 40.
a4 Rc6 41. c5 Re6 42. d5 Ra6 43. a5 f5 44. Be5 g4 45. hxg4 fxg4 46. Kd3 Nf2+
47. Kd4 h3 48. gxh3 gxh3 49. Bg3 Ng4 50. Ke4 h2 51. Rb1 Rxa5 52. Kf4 Nf6 53.
Ke5 Ng4+ 54. Kd6 Nxe3 55. Bxh2 Nc4+ 56. Ke6 Rxc5 57. Rg1 b5 58. Rg8+ Kb7 59.
Rg7+ Ka6 1/2-1/2

[Event "SBDU BEM 09/10"]
[Site "Wohndorf Laar"]
[Date "2009.10.23"]
[Round "4.7"]
[White "Hamm, Siegfried"]
[Black "Duda, Karl-Heinz"]
[Result "1-0"]
[WhiteElo "1658"]
[BlackElo "1548"]
[PlyCount "53"]
[EventDate "2009.??.??"]
[WhiteTeam "OSC Rheinhausen"]
[BlackTeam "SG Meiderich/Ruhrort"]

1. e4 e6 2. d3 d5 3. Nd2 c5 4. Ngf3 dxe4 5. dxe4 Nc6 6. g3 g6 7. Bg2 Bg7 8. O-O
Nge7 9. c3 O-O 10. Re1 Ne5 11. Nxe5 Bxe5 12. Qe2 Bd7 13. Nf3 Bg7 14. Bf4 Qa5
15. Rad1 Bb5 16. c4 Bc6 17. b3 Rfd8 18. Rd6 Be8 19. Red1 Rxd6 20. Bxd6 Nc6 21.
e5 Nb4 22. Ra1 Rd8 23. Be7 Rd7 24. Bf6 Nc6 25. Qe4 Qc3 26. Qe1 Bxf6 27. Qxc3
1-0

[Event "SBDU BEM 09/10"]
[Site "Wohndorf Laar"]
[Date "2009.10.23"]
[Round "4.8"]
[White "Germann, Norbert"]
[Black "Naber, Armin"]
[Result "1/2-1/2"]
[WhiteElo "1847"]
[BlackElo "1572"]
[PlyCount "98"]
[EventDate "2009.??.??"]
[WhiteTeam "SF Brett vorm Kopp DU"]
[BlackTeam "SF Brett vorm Kopp DU"]

1. d4 f5 2. g3 Nf6 3. Bg2 e6 4. Nf3 c6 5. O-O Be7 6. c4 O-O 7. b3 Na6 8. Bb2
Ne4 9. Nbd2 Bf6 10. Ne5 d5 11. Nxe4 fxe4 12. f3 exf3 13. exf3 Qb6 14. c5 Qc7
15. Re1 b6 16. Rc1 bxc5 17. dxc5 Rb8 18. a3 Rb5 19. b4 Nb8 20. Bf1 Rb7 21. Qd2
Nd7 22. Nxd7 Qxd7 23. f4 Qe8 24. Be5 Bxe5 25. Rxe5 Rbf7 26. Bd3 Bb7 27. Qe2 Re7
28. Re1 Rf6 29. a4 Qd8 30. a5 Qc7 31. a6 Bc8 32. Qc2 g6 33. h4 Rg7 34. Bf1 h6
35. Bh3 g5 36. hxg5 hxg5 37. fxg5 Rfg6 38. Qd2 Qe7 39. Kg2 Rxg5 40. Rxg5 Rxg5
41. Qe2 Rg6 42. Bf5 Rf6 43. Bd3 Bd7 44. Rh1 Qf7 45. Qg4+ Kf8 46. Rh8+ Ke7 47.
Rh7 Rf2+ 48. Kg1 Rf1+ 49. Kg2 Rf2+ 1/2-1/2

[Event "SBDU BEM 09/10"]
[Site "Wohndorf Laar"]
[Date "2009.10.23"]
[Round "4.10"]
[White "Scharrenbroich, Torsten"]
[Black "Stermann, Sebastian"]
[Result "1-0"]
[WhiteElo "1447"]
[BlackElo "1436"]
[PlyCount "51"]
[EventDate "2009.??.??"]
[WhiteTeam "SG Meiderich/Ruhrort"]
[BlackTeam "SG Duisburg-Nord"]

1. e4 d6 2. d4 g6 3. c4 Bg7 4. Nc3 Nf6 5. f3 O-O 6. Be3 e5 7. d5 Nbd7 8. Bd3 c5
9. Qd2 Ne8 10. O-O-O Nc7 11. h4 h5 12. Bh6 a6 13. Bxg7 Kxg7 14. g4 Nf6 15. g5
Ng8 16. Nge2 Bd7 17. Rdf1 b5 18. f4 b4 19. Nd1 Qe7 20. f5 Kh7 21. Ng3 a5 22.
Qe2 f6 23. fxg6+ Kxg6 24. Qxh5+ Kg7 25. Nf5+ Bxf5 26. exf5 1-0

[Event "SBDU BEM 09/10"]
[Site "Wohndorf Laar"]
[Date "2009.10.23"]
[Round "4.11"]
[White "Bajonczak, Helmut"]
[Black "Straub, Peter"]
[Result "1-0"]
[WhiteElo "1223"]
[BlackElo "983"]
[PlyCount "103"]
[EventDate "2009.??.??"]
[WhiteTeam "OSC Rheinhausen"]
[BlackTeam "SG Meiderich/Ruhrort"]

1. Nf3 Nc6 2. d4 d5 3. g3 a6 4. Bg2 e6 5. O-O Be7 6. b3 h6 7. Bb2 Nf6 8. Nbd2
O-O 9. Re1 Ne4 10. Nxe4 dxe4 11. Ne5 Nxe5 12. dxe5 Qxd1 13. Raxd1 b5 14. Bxe4
Rb8 15. e3 c5 16. f4 Bb7 17. Bxb7 Rxb7 18. Re2 Rc7 19. Kg2 b4 20. Red2 Rcc8 21.
Rd7 Bd8 22. a3 a5 23. a4 g5 24. h3 Kg7 25. Kf3 h5 26. fxg5 Bxg5 27. h4 Bd8 28.
Rf1 Kg6 29. Kg2 Kg7 30. Bc1 Bc7 31. Bb2 Kg8 32. Rf6 Kg7 33. Rxe6 Bd8 34. Red6
Kg8 35. Rd1 c4 36. Rf1 f6 37. exf6 c3 38. f7+ Kg7 39. Bc1 Rc7 40. Rxc7 Bxc7 41.
e4 Rxf7 42. Rxf7+ Kxf7 43. Kf3 Ke6 44. Be3 Be5 45. Bb6 Kd6 46. Bxa5 Kc6 47. Bd8
Kd6 48. Bg5 Ke6 49. Bh6 Bd6 50. a5 Bc5 51. a6 Kf6 52. Be3 1-0

[Event "SBDU BEM 09/10"]
[Site "Wohndorf Laar"]
[Date "2009.11.06"]
[Round "5.1"]
[White "Heinert, Eugen"]
[Black "Visser, Dirk"]
[Result "1-0"]
[WhiteElo "2006"]
[BlackElo "2006"]
[Annotator "Dirk Visser"]
[PlyCount "120"]
[EventDate "2009.??.??"]
[WhiteTeam "OSC Rheinhausen"]
[BlackTeam "SG Meiderich/Ruhrort"]

{Anm. des Erfassers: Bei dieser Partie konnte ich auf die Rekonstruktion von
Dirk Visser zurückgreifen, die er mir dankenswerterweise zugeschickt hat!} 1.
d4 g6 2. e4 Bg7 3. Nc3 d6 4. Nf3 Nf6 5. Be2 O-O 6. O-O Bg4 7. Be3 Nc6 8. Qd2
Re8 9. h3 Bxf3 10. Bxf3 e5 11. d5 Nd4 12. Bd1 c5 13. dxc6 bxc6 14. f4 Rb8 15.
Rb1 Qa5 16. fxe5 dxe5 17. Nd5 Qxa2 18. Nxf6+ Bxf6 19. Qf2 Bg7 20. Bg4 Rf8 21.
b3 Qa5 $6 (21... f5 $1 22. exf5 (22. Ra1 Qxc2 23. Bxd4 Qxf2+ 24. Bxf2 fxg4 $19)
22... gxf5 (22... Nxf5 23. Bc5 $11) 23. Bh5 Qa5 $15) 22. Ra1 Qc7 23. c3 Nb5 (
23... f5 $5 24. exf5 gxf5 25. Bh5 f4 26. Bxd4 exd4 27. cxd4 c5 $17) 24. Bc5
Rfe8 25. c4 Nd4 26. Rxa7 Rb7 27. Bd6 Qb6 28. Bc5 Qc7 29. Rfa1 Reb8 30. Qg3 $2 (
30. Rxb7 Rxb7 31. Ra8+ Rb8 32. Ra7 Rb7 33. Bd6 $16) 30... Nxb3 31. Qxb3 $2 Rxa7
32. Qxb8+ Qxb8 33. Rxa7 Qb1+ 34. Kh2 h5 35. Bd7 Qc2 $2 36. Bxc6 Qxc4 37. Ra5
Qc2 $4 (37... Bh6 $19) 38. Bd5 Qc1 39. Bf2 h4 $2 40. Bxh4 g5 $2 41. Bg3 Bf6 $2
42. Ra7 $14 Kh8 43. Rxf7 Bg7 44. Rf5 Qe3 45. h4 gxh4 46. Rh5+ Bh6 47. Bxe5+ Kh7
48. Rxh4 Qg5 49. Bg3 Qe3 50. Rg4 Bg5 51. e5 Kh6 52. e6 Qc1 53. Rc4 Qd2 ({
Inzwischen wurde zum zweiten Mal in dieser Partie geblitzt und Eugen Heinert
gibt hier eine etwas andere Version bis zum Ende an:} 53... Qe3 54. Re4 Qd3 55.
Bc6 Qc2 56. Bb7 Qc5 57. Re5 Qe7 58. Bf3 Kg6 59. Bg4 Kh6 60. Rd5 Bh4 61. Bf4+
Bg5 62. Bxg5+ Qxg5 63. Rxg5 {und 1:0}) 54. Bc6 Qe2 55. Re4 Qc2 56. Bb7 Qc5 57.
Re5 Qb4 58. Be4 Qe7 59. Rd5 Bh4 60. Bf4+ Bg5 1-0

[Event "SBDU BEM 09/10"]
[Site "Wohndorf Laar"]
[Date "2009.11.06"]
[Round "5.2"]
[White "Kleff, Andre"]
[Black "Leers-Fischer, Hans"]
[Result "1-0"]
[WhiteElo "2094"]
[BlackElo "1941"]
[PlyCount "77"]
[EventDate "2009.??.??"]
[WhiteTeam "PSV Duisburg"]
[BlackTeam "SG Meiderich/Ruhrort"]

1. c4 e5 2. g3 Nf6 3. Bg2 Nc6 4. Nc3 Bc5 5. a3 a6 6. e3 d6 7. Nge2 O-O 8. d3
Ba7 9. b4 Re8 10. O-O Ne7 11. Nd5 Nd7 12. Bb2 c6 13. Nxe7+ Qxe7 14. Nc3 Nf6 15.
b5 axb5 16. cxb5 Bg4 17. Qd2 Qd7 18. bxc6 bxc6 19. Rfc1 Bh3 20. Ne4 Bxg2 {(=)}
21. Nxf6+ gxf6 22. Kxg2 f5 23. d4 f6 24. Rc2 c5 25. dxe5 fxe5 26. Rd1 Rad8 27.
Qd5+ Qe6 28. Rcd2 Kf7 29. Bxe5 Qxd5+ 30. Rxd5 Ke6 31. Bf4 Bb8 32. Kf3 Bc7 33.
g4 fxg4+ 34. Kxg4 Rd7 35. Rh5 Rf8 36. Bg3 Rg7+ 37. Kh3 Rf6 38. Rhd5 Ke7 39. Bh4
1-0

[Event "SBDU BEM 09/10"]
[Site "Wohndorf Laar"]
[Date "2009.11.06"]
[Round "5.3"]
[White "Plückelmann, Thomas"]
[Black "Junker, Bernd"]
[Result "1/2-1/2"]
[WhiteElo "1699"]
[BlackElo "1643"]
[PlyCount "42"]
[EventDate "2009.??.??"]
[WhiteTeam "SG Duisburg-Nord"]
[BlackTeam "SG Meiderich/Ruhrort"]

1. d4 d5 2. Nf3 Nf6 3. c4 e6 4. e3 Be7 5. Bd3 O-O 6. O-O Nbd7 7. Nc3 dxc4 8.
Bxc4 c5 9. a3 cxd4 10. exd4 Qc7 11. Ba2 Nb6 12. Qe2 Rd8 13. Nb5 Qb8 14. g3 Nbd5
15. Bd2 a6 16. Nc3 b5 17. Nxd5 Nxd5 18. Ba5 Rd6 19. Rfc1 Bd8 20. Bxd8 Rxd8 21.
Rc5 Bb7 1/2-1/2

[Event "SBDU BEM 09/10"]
[Site "Wohndorf Laar"]
[Date "2009.11.06"]
[Round "5.4"]
[White "Waschkewitz, Stefan"]
[Black "Hamm, Siegfried"]
[Result "1/2-1/2"]
[WhiteElo "1688"]
[BlackElo "1658"]
[PlyCount "91"]
[EventDate "2009.??.??"]
[WhiteTeam "SG Duisburg-Nord"]
[BlackTeam "OSC Rheinhausen"]

1. Nc3 d5 2. e4 dxe4 3. Nxe4 Nc6 4. Bc4 Nf6 5. Nxf6+ gxf6 6. Qh5 e6 7. Nf3 Bd7
8. d4 Qe7 9. Bd2 O-O-O 10. O-O-O Be8 11. Bf4 Qb4 12. Bd3 Qa4 13. Qb5 Nxd4 14.
Qxa4 Bxa4 15. Nxd4 Rxd4 16. Be3 {(=)} Rg4 17. g3 a6 18. Be2 Rgg8 19. Rd4 Bc6
20. Rhd1 Bd6 21. Rh4 f5 22. Bd3 Rg4 23. Rh5 Bf3 24. Re1 Ra4 25. Rh6 Rxa2 26.
Bd4 Ra1+ 27. Kd2 Rxe1 28. Kxe1 e5 29. Bxf5+ Kd8 30. Be3 Be7 31. Rxh7 Rxh7 {(=)}
32. Bxh7 Ke8 33. Kd2 c5 34. Kd3 b5 35. c4 b4 36. Be4 Bg4 37. f3 Be6 38. h4 f5
39. Bd5 Bd7 40. h5 a5 41. Bh6 Bf6 42. Bc1 Ke7 43. Be3 Kd6 44. Bh6 Ke7 45. Be3
Kd6 46. Bh6 1/2-1/2

[Event "SBDU BEM 09/10"]
[Site "Wohndorf Laar"]
[Date "2009.11.06"]
[Round "5.5"]
[White "Hoppe, Norbert"]
[Black "Zielinski, Werner"]
[Result "1/2-1/2"]
[WhiteElo "1585"]
[BlackElo "1922"]
[PlyCount "82"]
[EventDate "2009.??.??"]
[WhiteTeam "SG Meiderich/Ruhrort"]
[BlackTeam "SG Meiderich/Ruhrort"]

1. e4 c5 2. Nf3 Nc6 3. d4 cxd4 4. Nxd4 g6 5. Nc3 Bg7 6. Be3 Nf6 7. Nxc6 bxc6 8.
e5 Nd5 9. Nxd5 cxd5 10. Qxd5 Rb8 11. Bc4 O-O 12. O-O Qc7 13. f4 d6 14. Bb3 dxe5
15. fxe5 Be6 16. Qc5 Qxc5 17. Bxc5 Bxb3 18. axb3 Bxe5 19. Rxa7 Rfc8 20. b4 Rxb4
21. Bxb4 Bd4+ 22. Kh1 Bxa7 23. Bxe7 Rxc2 24. Bf6 Rc6 25. g4 h6 26. Bc3 Rc4 27.
Rd1 Bb6 28. h3 Kf8 29. Kg2 Ke7 30. Kf3 Ke6 31. Rd3 f5 32. Bg7 fxg4+ 33. hxg4 h5
34. gxh5 gxh5 35. Rb3 Bc7 36. Rb5 Rf4+ 37. Ke3 Rg4 38. Bc3 h4 39. Rh5 Rg3+ 40.
Ke4 Rg4+ 41. Kf3 Rg3+ 1/2-1/2

[Event "SBDU BEM 09/10"]
[Site "Wohndorf Laar"]
[Date "2009.11.06"]
[Round "5.6"]
[White "Sauer, Andreas"]
[Black "Scharrenbroich, Torsten"]
[Result "1/2-1/2"]
[WhiteElo "1886"]
[BlackElo "1447"]
[PlyCount "93"]
[EventDate "2009.??.??"]
[WhiteTeam "SG Meiderich/Ruhrort"]
[BlackTeam "SG Meiderich/Ruhrort"]

1. d4 Nf6 2. c4 g6 3. Nc3 d5 4. cxd5 Nxd5 5. g3 Nxc3 6. bxc3 Bg7 7. Nf3 c5 8.
Bg2 Nc6 9. Be3 cxd4 10. Nxd4 Nxd4 11. Bxd4 O-O 12. O-O Qa5 13. Bxg7 Kxg7 14.
Qd4+ e5 15. Qb4 Qc7 16. Rfd1 a5 17. Qd6 Qxd6 18. Rxd6 Re8 19. Bd5 Rb8 20. Rb6
Re7 21. Rab1 Be6 22. e4 Bc8 23. c4 f5 24. f3 fxe4 25. fxe4 Rc7 26. R1b5 a4 27.
Ra5 Bd7 28. Ra7 Kh6 29. Rbxb7 Rbxb7 30. Rxb7 Rxb7 31. Bxb7 a3 32. c5 Be6 33.
Bd5 Bc8 34. c6 Kg5 35. h4+ Kg4 36. Kg2 g5 37. Bf7 gxh4 38. gxh4 Kxh4 39. Be8
Kg5 40. Bd7 Ba6 41. Kf3 Bb5 42. Bf5 Bxc6 43. Bxh7 Kh4 44. Bg8 Bd7 45. Bd5 Bg4+
46. Ke3 Kg3 47. Bc4 1/2-1/2

[Event "SBDU BEM 09/10"]
[Site "Wohndorf Laar"]
[Date "2009.11.06"]
[Round "5.7"]
[White "Hufnagel, Markus"]
[Black "Meinert, Thomas"]
[Result "0-1"]
[WhiteElo "1458"]
[BlackElo "1816"]
[PlyCount "72"]
[EventDate "2009.??.??"]
[WhiteTeam "SG Duisburg-Nord"]
[BlackTeam "SG Meiderich/Ruhrort"]

1. b3 d5 2. Bb2 c5 3. d4 Nc6 4. Nf3 Nf6 5. dxc5 e6 6. g3 Bxc5 7. Bg2 Ne4 8. e3
Qa5+ 9. c3 Qa6 10. Bf1 Qb6 11. Qe2 O-O 12. Bg2 Bd7 13. O-O Rac8 14. Nbd2 Nf6
15. Nd4 e5 16. Nxc6 Bxc6 17. Rab1 Rfe8 18. e4 Bb5 19. c4 dxc4 20. bxc4 Ba6 21.
Bxe5 Qe6 22. Bxf6 Qxf6 23. Qf3 Qe7 24. Bh3 Rc6 25. Rfd1 Rf6 26. Qd3 Rd8 27. Qc2
Rxf2 28. Kh1 Be3 29. Rb2 Bxd2 30. Qb3 Qxe4+ 31. Kg1 Qd4 32. Kh1 b6 33. Bg2 Bxc4
34. Qc2 Bd5 35. Rg1 Bxg2+ 36. Rxg2 Rf1+ 0-1

[Event "SBDU BEM 09/10"]
[Site "Wohndorf Laar"]
[Date "2009.11.06"]
[Round "5.8"]
[White "Duda, Karl-Heinz"]
[Black "Germann, Norbert"]
[Result "1/2-1/2"]
[WhiteElo "1548"]
[BlackElo "1847"]
[PlyCount "137"]
[EventDate "2009.??.??"]
[WhiteTeam "SG Meiderich/Ruhrort"]
[BlackTeam "SF Brett vorm Kopp DU"]

1. c4 c5 2. Nc3 g6 3. Nf3 Bg7 4. g3 Nc6 5. Bg2 e5 6. d3 Nge7 7. O-O O-O 8. Rb1
d6 9. Bg5 f6 10. Bd2 Be6 11. a3 a5 12. Qc1 d5 13. cxd5 Nxd5 14. Nxd5 Bxd5 15.
Qxc5 b6 16. Qc1 Rc8 17. Qd1 b5 18. Rc1 Qd6 19. Nh4 Bxg2 20. Nxg2 Rfd8 21. Qb3+
Kh8 22. Be3 Rb8 23. Qc3 Rdc8 24. Qd2 Bf8 25. Rfd1 b4 26. axb4 Qxb4 27. Qxb4
Rxb4 28. Rc2 Ne7 29. Rxc8 Nxc8 30. Rd2 Nb6 31. Bxb6 Rxb6 32. Rc2 Kg8 33. Ne3
Kf7 34. Rc7+ Kg8 35. Nc4 Rb5 36. Rc8 Kf7 37. Kg2 h5 38. Kf3 Bc5 39. Rc7+ Kf8
40. Rc6 Ke7 41. Ra6 Bb4 42. Ra7+ Kf8 43. e3 Be1 44. Ke2 Bb4 45. e4 Rc5 46. f3
Kg8 47. h3 Rb5 48. Kd1 Rc5 49. g4 Rb5 50. Kc2 Be1 51. Ra6 Kg7 52. Rb6 Rxb6 53.
Nxb6 hxg4 54. hxg4 Bf2 55. Nc4 a4 56. Nd2 Bd4 57. Nb1 Kh6 58. Nc3 Kg5 59. Nxa4
Kf4 60. Nc3 Kxf3 61. Nd5 Kxg4 62. Nxf6+ Kf3 63. b4 g5 64. Kb3 g4 65. Nxg4 Kxg4
66. Kc4 Kf4 67. b5 Ke3 68. Kd5 Kxd3 69. b6 1/2-1/2

[Event "SBDU BEM 09/10"]
[Site "Wohndorf Laar"]
[Date "2009.11.06"]
[Round "5.9"]
[White "Naber, Armin"]
[Black "Hampel, Ernst"]
[Result "0-1"]
[WhiteElo "1572"]
[BlackElo "1597"]
[PlyCount "72"]
[EventDate "2009.??.??"]
[WhiteTeam "SF Brett vorm Kopp DU"]
[BlackTeam "SG Duisburg-Nord"]

1. f4 c5 2. Nf3 Nc6 3. b3 Nf6 4. Bb2 e6 5. e3 d5 6. Bb5 Bd7 7. Bxc6 Bxc6 8. O-O
Be7 9. d3 Ng4 10. Qe1 Bf6 11. Bxf6 Qxf6 12. Nbd2 Qc3 13. Rc1 Nh6 14. Ne5 Nf5
15. Nxc6 bxc6 16. Nf3 Qxe1 17. Rfxe1 f6 18. e4 Ne7 19. exd5 exd5 20. d4 cxd4
21. Nxd4 Kf7 22. Kf2 Rhe8 23. Kf3 Rac8 24. g4 c5 25. Nb5 Red8 26. Re2 a6 27.
Na3 Nc6 28. Kf2 Re8 29. Rce1 Nb4 30. c3 Nd3+ 31. Kf1 Nxe1 32. Kxe1 Rxe2+ 33.
Kxe2 Re8+ 34. Kf3 Re1 35. Nc2 Rh1 36. Kg3 Rc1 0-1

[Event "SBDU BEM 09/10"]
[Site "Wohndorf Laar"]
[Date "2009.11.06"]
[Round "5.10"]
[White "Stermann, Sebastian"]
[Black "Bajonczak, Helmut"]
[Result "1-0"]
[WhiteElo "1436"]
[BlackElo "1223"]
[PlyCount "99"]
[EventDate "2009.??.??"]
[WhiteTeam "SG Duisburg-Nord"]
[BlackTeam "OSC Rheinhausen"]

1. Nc3 d5 2. e4 dxe4 3. Nxe4 Nc6 4. Nf3 Bf5 5. Ng3 e6 6. Nxf5 exf5 7. d4 Nf6 8.
c3 g6 9. Bc4 Bg7 10. Ng5 O-O 11. O-O Na5 12. Bb3 Nxb3 13. Qxb3 Qc8 14. Re1 Ne4
15. Nxe4 fxe4 16. Rxe4 b6 17. Bf4 Bf6 18. Rae1 Qd7 19. Be5 Bh4 20. Rxh4 Rae8
21. Rhe4 h5 22. Qc4 c6 23. Qe2 Re6 24. Bf4 Rfe8 25. Rxe6 Rxe6 26. Qd2 Rf6 27.
b3 Rf5 28. Qe3 Kh7 29. Bg5 Qe6 30. Qxe6 fxe6 31. f4 c5 32. Re5 Rf7 33. dxc5
bxc5 34. Rxc5 Rd7 35. c4 Rd1+ 36. Kf2 Rd2+ 37. Kf3 Rxa2 38. Rc7+ Kg8 39. b4
Ra3+ 40. Kf2 Ra2+ 41. Kg3 Ra3+ 42. Kh4 Re3 43. Rxa7 Re4 44. Rc7 e5 45. Kg3
exf4+ 46. Bxf4 Rd4 47. b5 g5 48. Be3 h4+ 49. Kf2 Rg4 50. b6 1-0